| 000 | 03021cas a2200733 i 4500 | ||
|---|---|---|---|
| 999 |
_c531794 _d531794 |
||
| 001 | 19962155 | ||
| 003 | NUST | ||
| 005 | 20191028124143.0 | ||
| 006 | innnn j n | ||
| 007 | sd fungnnmmneu | ||
| 008 | 100329c20109999nyuuu 0 a0eng | ||
| 010 | _a 2017205513 | ||
| 022 | 0 |
_a2574-4321 _21 |
|
| 035 | _a(OCoLC)ocn604638798 | ||
| 037 | _bBarron's Educational Series, 250 Wireless Blvd., Hauppauge, N.Y. 11788 | ||
| 038 | _aMSOHAIL | ||
| 040 |
_aCO3 _beng _erda _cCO3 _dOCLCQ _dSO$ _dOCLCO _dOCLCF _dOCLCO _dGO4 _dOCLCO _dCNKFP _dCGP _dOCLCO _dDLC |
||
| 042 |
_apcc _ansdp |
||
| 050 | 0 | 0 |
_aPE1128 _b.B37 |
| 082 | 1 | 0 |
_a428 _214 |
| 082 | 0 | 4 |
_a428.0076 _223 |
| 100 |
_aPamela J. Sharpe _924855 |
||
| 130 | 0 |
_aBarron's TOEFL iBT (Print with audio discs) _924856 |
|
| 222 | 0 | _aBarron's TOEFL iBT | |
| 245 | 0 | 0 |
_aBarron's TOEFL iBT : _bInternet-based test. |
| 246 | 3 | 0 | _aTOEFL iBT |
| 250 | _a14th | ||
| 264 | 1 |
_aHauppauge, NY : _bBarron's Educational Series, _c[2010]- |
|
| 300 |
_ap;808, : _billustrations ; _c28 cm + |
||
| 336 |
_atext _btxt _2rdacontent |
||
| 336 |
_aspoken word _bspw _2rdacontent |
||
| 337 |
_aunmediated _bn _2rdamedia |
||
| 337 |
_aaudio _bs _2rdamedia |
||
| 338 |
_avolume _bnc _2rdacarrier |
||
| 338 |
_aaudio disc _bsd _2rdacarrier |
||
| 344 |
_adigital _boptical _2rda |
||
| 347 |
_aaudio file _bCD audio _2rda |
||
| 362 | 0 | _a13th edition- | |
| 500 | _a"Ten enclosed audio CD's present audio prompts for practice tests' listening, speaking, and writing sections"--Cover. | ||
| 500 | _aVolumes for 2010- by Pamela J. Sharpe. | ||
| 588 | _aDescription based on: 13th edition (copyrighted 2010). | ||
| 588 | _aLatest issue consulted: 13th edition (copyrighted 2010). | ||
| 650 | 0 |
_aTest of English as a Foreign Language _vStudy guides. _924857 |
|
| 650 | 0 |
_aEnglish language _xExaminations _vStudy guides. _924858 |
|
| 650 | 0 |
_aEnglish language _vTextbooks for foreign speakers. _913132 |
|
| 650 | 7 |
_aEnglish language. _2fast _0(OCoLC)fst00910920 _9309 |
|
| 650 | 7 |
_aEnglish language _xExaminations. _2fast _0(OCoLC)fst00911153 _924859 |
|
| 650 | 7 |
_aTest of English as a Foreign Language. _2fast _0(OCoLC)fst01148211 _924860 |
|
| 650 | 5 |
_aEnglish language _vTextbooks for second language learners. _924861 |
|
| 655 | 7 |
_aStudy guides. _2lcgft _924862 |
|
| 655 | 7 |
_aExaminations. _2lcgft _924863 |
|
| 655 | 7 |
_aSerial publications. _2lcgft _924864 |
|
| 655 | 4 |
_aEnglish as a second language. _924865 |
|
| 655 | 4 |
_aReading program version. _924866 |
|
| 655 | 7 |
_aSerial publications. _2fast _0(OCoLC)fst01919968 _924864 |
|
| 655 | 7 |
_aStudy guides. _2fast _0(OCoLC)fst01423888 _924862 |
|
| 655 | 7 |
_aTextbooks _vfor foreign speakers. _2fast _0(OCoLC)fst01423864 _924867 |
|
| 700 | 1 |
_aSharpe, Pamela J., _eauthor. _924868 |
|
| 780 | 0 | 0 |
_tHow to prepare for the TOEFL iBT (Print with compact discs) _w(OCoLC)66530093 |
| 906 |
_a7 _bcbc _cserasst _d2 _encip _f20 _gn-oclcserc |
||
| 942 |
_2ddc _cBK |
||